Aspekty protikoróznej ochrany niektorých cementových materiálov na výplň chráničiek

Bibliographic Details
Main Author: Hanns-Georg, SCHÖNEICH (Author)
Format: Article
Language:Slovak

MARC

LEADER 00000nab a2200000 a 4500
001 vtls011107210
003 SK-MaSNL
005 20260303143454.0
008 230222|2008 xo |||||||||||||||||slo|
015 |a SNBRB 
035 |a (uuid)6c917a11-b1d2-424d-82e4-a95b47444701 
035 |a (urnnbn)urn:nbn:sk:snk:ar-a08a70 
035 |a urn:nbn:sk:snk-ab9dgq 
040 |a SNKBUCL  |b slo  |c SNKBUCL  |e AACR2 
041 0 |a slo 
044 |a xo  |c SK 
100 1 |a Hanns-Georg, SCHÖNEICH  |4 aut  |9 1164290 
245 1 0 |a Aspekty protikoróznej ochrany niektorých cementových materiálov na výplň chráničiek  |c Hanns-Georg Schöneich 
773 0 |t Slovgas : odborný plynárenský časopis  |g Roč. 17, č. 4 (2008), s. 15-20 
954 |a odborná, vedecká literatúra pôvodná (slovenská)  |2 lita 
958 |a OND 
958 |a EUIPO 
958 |a article13 
999 |c 1990367  |d 1992297